<?xml version="1.0" encoding="UTF-8"?><?xml-stylesheet type="text/xsl" href="static/style.xsl"?><OAI-PMH xmlns="http://www.openarchives.org/OAI/2.0/" xmlns:xsi="http://www.w3.org/2001/XMLSchema-instance" xsi:schemaLocation="http://www.openarchives.org/OAI/2.0/ http://www.openarchives.org/OAI/2.0/OAI-PMH.xsd"><responseDate>2026-04-18T00:22:27Z</responseDate><request verb="GetRecord" identifier="oai:www.recercat.cat:10256/25172" metadataPrefix="marc">https://recercat.cat/oai/request</request><GetRecord><record><header><identifier>oai:recercat.cat:10256/25172</identifier><datestamp>2024-10-29T16:14:21Z</datestamp><setSpec>com_2072_452955</setSpec><setSpec>com_2072_2054</setSpec><setSpec>col_2072_452960</setSpec></header><metadata><record xmlns="http://www.loc.gov/MARC21/slim" xmlns:dcterms="http://purl.org/dc/terms/" xmlns:xsi="http://www.w3.org/2001/XMLSchema-instance" xmlns:doc="http://www.lyncode.com/xoai" xsi:schemaLocation="http://www.loc.gov/MARC21/slim http://www.loc.gov/standards/marcxml/schema/MARC21slim.xsd">
   <leader>00925njm 22002777a 4500</leader>
   <datafield ind2=" " ind1=" " tag="042">
      <subfield code="a">dc</subfield>
   </datafield>
   <datafield ind2=" " ind1=" " tag="720">
      <subfield code="a">Vasileva, Fidanka</subfield>
      <subfield code="e">author</subfield>
   </datafield>
   <datafield ind2=" " ind1=" " tag="720">
      <subfield code="a">Carreras Badosa, Gemma</subfield>
      <subfield code="e">author</subfield>
   </datafield>
   <datafield ind2=" " ind1=" " tag="720">
      <subfield code="a">Bassols Casadevall, Judit</subfield>
      <subfield code="e">author</subfield>
   </datafield>
   <datafield ind2=" " ind1=" " tag="720">
      <subfield code="a">Serrano Ferrer, Juan</subfield>
      <subfield code="e">author</subfield>
   </datafield>
   <datafield ind2=" " ind1=" " tag="720">
      <subfield code="a">Font Lladó, Raquel</subfield>
      <subfield code="e">author</subfield>
   </datafield>
   <datafield ind2=" " ind1=" " tag="720">
      <subfield code="a">López Ros, Víctor</subfield>
      <subfield code="e">author</subfield>
   </datafield>
   <datafield ind2=" " ind1=" " tag="720">
      <subfield code="a">Osiniri Kippes, Inés</subfield>
      <subfield code="e">author</subfield>
   </datafield>
   <datafield ind2=" " ind1=" " tag="720">
      <subfield code="a">Martínez-Calcerrada, José María</subfield>
      <subfield code="e">author</subfield>
   </datafield>
   <datafield ind2=" " ind1=" " tag="720">
      <subfield code="a">San-Millán, Marta</subfield>
      <subfield code="e">author</subfield>
   </datafield>
   <datafield ind2=" " ind1=" " tag="720">
      <subfield code="a">López-Bermejo, Abel</subfield>
      <subfield code="e">author</subfield>
   </datafield>
   <datafield ind2=" " ind1=" " tag="720">
      <subfield code="a">Prats Puig, Anna</subfield>
      <subfield code="e">author</subfield>
   </datafield>
   <datafield ind2=" " ind1=" " tag="260">
      <subfield code="c">2024-03-20</subfield>
   </datafield>
   <datafield ind2=" " ind1=" " tag="520">
      <subfield code="a">Background: Physical activity (PA) is beneficial for the overall health. Objectives are: (1) To compare metabolic (MRM) and cardiovascular-risk-markers (CRM) in children according to their PA-level; (2) to explore the associations of MRM and CRM with PA and sedentary time (ST); and (3) to identify the associations between MRM and CRM in less (LA) and more active (MA) children.&#xd;
&#xd;
Methods: A total of 238 apparently healthy school-aged children were enrolled (132 boys/106 girls; 9.1 ± 1.8 years) and body mass index standard deviation score (BMI SDS) and blood pressure were assessed. Fasting venous blood sampling was performed to assess insulin resistance (HOMA-IR) and high-sensitivity-C-reactive protein (hsCRP). Epicardial fat, interventricular septal and left ventricular posterior wall thicknesses were assessed by high-resolution ultrasonography. PA and ST were assessed by enKid-questionnaire. Children were classified based on enKid-score as being LA and MA (below and above 50th percentile for PA).&#xd;
&#xd;
Results: MA-children had lower values for: BMI SDS, diastolic-to-systolic blood pressure ratio, HOMA-IR and hsCRP (7.02 to 61.5% lower, p = 0.040 to p &lt; 0.0001) compared to LA-children. MRM and CRM were positively associated with ST (p = 0.003 to p &lt; 0.001), and negatively associated with PA (p = 0.044 to p &lt; 0.001). Finally, MRM were positively associated with CRM (p = 0.008 to p &lt; 0.0001). Interestingly, the latter associations were observed in LA-children but were not present in MA-children.&#xd;
&#xd;
Conclusion: More PA is associated with better cardio-metabolic profile in school-aged children. PA seems to modulate the associations between MRM and CRM, thus reinforcing the idea that fostering PA in children may lower the risk for development of a cardio-metabolic disease</subfield>
   </datafield>
   <datafield ind1="8" ind2=" " tag="024">
      <subfield code="a">http://hdl.handle.net/10256/25172</subfield>
   </datafield>
   <datafield tag="653" ind2=" " ind1=" ">
      <subfield code="a">Greix -- Metabolisme</subfield>
   </datafield>
   <datafield tag="653" ind2=" " ind1=" ">
      <subfield code="a">Fat -- Metabolism</subfield>
   </datafield>
   <datafield tag="653" ind2=" " ind1=" ">
      <subfield code="a">Sedentarisme</subfield>
   </datafield>
   <datafield tag="653" ind2=" " ind1=" ">
      <subfield code="a">Sedentary behavior</subfield>
   </datafield>
   <datafield ind2="0" ind1="0" tag="245">
      <subfield code="a">Insulin resistance, C-reactive protein, diastolic to systolic blood pressure ratio and epicardial fat are related to sedentary time, and inversely related to physical activity in school-aged children</subfield>
   </datafield>
</record></metadata></record></GetRecord></OAI-PMH>